000 01029nam a2200289 i 4500
001 bg
111 2 _aInternational Scientific and Technical Conference on Marine Traffic Engineering
_n(9 ;
_d2001).
245 0 0 _aProceedings of the IX International Scientific and Technical Conference on Marine Traffic Engineering /
_cSzczecin Maritime University [et al.].
260 _aSzczecin :
_bFundacja Rozwoju Wyższej Szkoły Morskiej,
_c2001.
300 _a434 s. :
_bil. ;
_c24 cm.
500 _aStreszcz. pol. i ang. przy ref.
504 _aBibliogr przy ref.
650 9 _aNawigacja
650 9 _aTransport morski
_xbezpieczeństwo
650 9 _aZnaki nawigacyjne
650 9 _aŻegluga
_xbezpieczeństwo
650 9 _aInżynieria morska
655 _aMateriały konferencyjne
710 0 _aWyższa Szkoła Morska (Szczecin)
020 _a8387105287
040 _cBPK
041 0 _apol
_beng
080 _a629.5:656.61](061)
920 _a83-87105-28-7
942 _cKS
008 s pl f |000 0 pol
999 _c44496
_d44496
856 _uhttp://koha.tu.koszalin.pl/cgi-bin/koha/opac-detail.pl?biblionumber=44496
_yKatalog online BPK